Tausi'ah al-Harmain al-Syarifain : (Record no. 86442)

MARC details
000 -LEADER
fixed length control field 00795nam a2200241 i 4500
001 - CONTROL NUMBER
control field C2-0279832
003 - CONTROL NUMBER IDENTIFIER
control field PPAK
005 - DATE AND TIME OF LATEST TRANSACTION
control field 20180728010941.0
008 - FIXED-LENGTH DATA ELEMENTS--GENERAL INFORMATION
fixed length control field 070515s su a|||| ||||| | ara d
040 ## - CATALOGING SOURCE
Original cataloging agency PPAK
Language of cataloging eng
Transcribing agency PPAK
Description conventions rda
082 04 - DEWEY DECIMAL CLASSIFICATION NUMBER
Classification number 297.352
Edition number 23
090 00 - LOCALLY ASSIGNED LC-TYPE CALL NUMBER (OCLC); LOCAL CALL NUMBER (RLIN)
Classification number (OCLC) (R) ; Classification number, CALL (RLIN) (NR) 297.352
Feature heading IBR
Feature heading KMN
100 0# - MAIN ENTRY--PERSONAL NAME
Personal name Ibrahim al-Anqori,
Relator term author
245 10 - TITLE STATEMENT
Title Tausi'ah al-Harmain al-Syarifain :
Remainder of title keluasan dua Tanah Haram yang mulia - Makkah dan Madinah
264 #1 - PRODUCTION, PUBLICATION, DISTRIBUTION, MANUFACTURE, AND COPYRIGHT NOTICE
Place of production, publication, distribution, manufacture Saudi Arabia :
Name of producer, publisher, distributor, manufacturer al-Maktabah al-Arabiah al-Sa'udiah ,
300 ## - PHYSICAL DESCRIPTION
Extent 130 pages :
Other physical details colour illustrations ;
Dimensions 22 cm
336 ## - CONTENT TYPE
Source rdacontent
Content type term text
337 ## - MEDIA TYPE
Source rdamedia
Media type term unmediated
338 ## - CARRIER TYPE
Source rdacarrier
Carrier type term volume
500 ## - GENERAL NOTE
General note Teks dalam bahasa Arab
650 10 - SUBJECT ADDED ENTRY--TOPICAL TERM
Topical term or geographic name entry element Muslim pilgrimages - Saudi Arabia - Mecca - Medina.
942 ## - ADDED ENTRY ELEMENTS (KOHA)
-- dc
Koha item type Book
Holdings
Withdrawn Not for loan Current library Shelving location Date acquired Full call number Barcode Date last seen Koha item type
  Not For Loan Perpustakaan Merbok Koleksi Mahmood Naim 15/09/2010 KMN 297.352 IBR A00505319 09/05/2018 Book